000 00501cam a22001577a 4500
008 180718b1995 xxu||||| |||| 00| 0 eng d
020 _a1856288943
082 _aT19 H432
245 _aThe Asian pacific rim and globalization: enterprise, government and territoriality
_cedited by Richard Le Heron and Sam Ock Park
260 _aAldershot
_bAvebury
_c1995
300 _a188p.
650 _aGlobalization
650 _aAsia - Economic policy
700 _aPark, Sam Ock
700 _aHeron, Richard Le
999 _c378069
_d378069